Library Banner

A future for planning : (Record no. 118607)

MARC details
000 -LEADER
fixed length control field 00645cam a2200217 i 4500
001 - CONTROL NUMBER
control field 20805788
005 - DATE AND TIME OF LATEST TRANSACTION
control field 20200922102431.0
008 - FIXED-LENGTH DATA ELEMENTS--GENERAL INFORMATION
fixed length control field 190110s2019 nyu 001 0 eng
020 ## - INTERNATIONAL STANDARD BOOK NUMBER
International Standard Book Number 9781138708808 (pbk.)
040 ## - CATALOGING SOURCE
Transcribing agency PK-LaUMT
082 00 - DEWEY DECIMAL CLASSIFICATION NUMBER
Classification number 307.1216
Edition number 23
Item number HAR-F
100 1# - MAIN ENTRY--PERSONAL NAME
Personal name Harris, Michael
245 12 - TITLE STATEMENT
Title A future for planning :
Remainder of title taking responsibility for twenty-first century challenges /
Statement of responsibility, etc by Michael Harris
260 ## - PUBLICATION, DISTRIBUTION, ETC. (IMPRINT)
Place of publication, distribution, etc New York :
Name of publisher, distributor, etc Routledge,
Date of publication, distribution, etc 2019
300 ## - PHYSICAL DESCRIPTION
Extent 200 p. ;
Dimensions 23 cm.
490 0# - SERIES STATEMENT
Series statement The RTPI library series
500 ## - GENERAL NOTE
General note Includes index.
650 #0 - SUBJECT ADDED ENTRY--TOPICAL TERM
Topical term or geographic name as entry element City planning.
650 #0 - SUBJECT ADDED ENTRY--TOPICAL TERM
Topical term or geographic name as entry element Regional planning.
942 ## - ADDED ENTRY ELEMENTS (KOHA)
Koha item type Books
Holdings
Withdrawn status Lost status Damaged status Home library Current library Date acquired Full call number Barcode Date last seen Price effective from Koha item type
      UMT Main Campus UMT Main Campus 2020-09-22 307.1216 HAR-F 134907 2023-04-07 2020-09-22 Books